<?xml version="1.0" encoding="UTF-8"?>
<record
    xmlns:xsi="http://www.w3.org/2001/XMLSchema-instance"
    xsi:schemaLocation="http://www.loc.gov/MARC21/slim http://www.loc.gov/standards/marcxml/schema/MARC21slim.xsd"
    xmlns="http://www.loc.gov/MARC21/slim">

  <leader>01627cam a2200301 a 4500</leader>
  <datafield tag="999" ind1=" " ind2=" ">
    <subfield code="c">4979</subfield>
    <subfield code="d">4979</subfield>
  </datafield>
  <controlfield tag="001">26125134</controlfield>
  <controlfield tag="003">OCoLC</controlfield>
  <controlfield tag="005">20181219110735.0</controlfield>
  <controlfield tag="008">920422s1992    cou           000 0 eng  </controlfield>
  <datafield tag="010" ind1=" " ind2=" ">
    <subfield code="a">92060188</subfield>
  </datafield>
  <datafield tag="020" ind1=" " ind2=" ">
    <subfield code="a">0891096795 (hbk.)</subfield>
  </datafield>
  <datafield tag="020" ind1=" " ind2=" ">
    <subfield code="a">9780891096795 (hbk.)</subfield>
  </datafield>
  <datafield tag="020" ind1=" " ind2=" ">
    <subfield code="a">0891096817</subfield>
  </datafield>
  <datafield tag="020" ind1=" " ind2=" ">
    <subfield code="a">9780891096818</subfield>
  </datafield>
  <datafield tag="035" ind1=" " ind2=" ">
    <subfield code="a">(OCoLC)26125134</subfield>
  </datafield>
  <datafield tag="040" ind1=" " ind2=" ">
    <subfield code="a">DLC</subfield>
    <subfield code="c">DLC</subfield>
    <subfield code="d">BTCTA</subfield>
    <subfield code="d">BAKER</subfield>
    <subfield code="d">YDXCP</subfield>
    <subfield code="d">HNW</subfield>
    <subfield code="d">FIN</subfield>
  </datafield>
  <datafield tag="050" ind1="0" ind2="0">
    <subfield code="a">BV4639</subfield>
    <subfield code="b">.A394 1992</subfield>
  </datafield>
  <datafield tag="082" ind1="0" ind2="0">
    <subfield code="a">241.4</subfield>
    <subfield code="2">20</subfield>
    <subfield code="b">A432B</subfield>
  </datafield>
  <datafield tag="100" ind1="1" ind2=" ">
    <subfield code="a">Allender, Dan B.</subfield>
  </datafield>
  <datafield tag="245" ind1="1" ind2="0">
    <subfield code="a">Bold love /</subfield>
    <subfield code="c">Dan B. Allender, Tremper Longman, III.</subfield>
  </datafield>
  <datafield tag="260" ind1=" " ind2=" ">
    <subfield code="a">Colorado Springs, Colo. :</subfield>
    <subfield code="b">NavPress,</subfield>
    <subfield code="c">c1992.</subfield>
  </datafield>
  <datafield tag="300" ind1=" " ind2=" ">
    <subfield code="a">319 p. ;</subfield>
    <subfield code="c">24 cm.</subfield>
  </datafield>
  <datafield tag="505" ind1="0" ind2="0">
    <subfield code="g">Introduction:</subfield>
    <subfield code="t">Forgiveness : an intricate mystery --</subfield>
    <subfield code="t">Mixed feelings about love : what drives a human heart? --</subfield>
    <subfield code="t">Taking our hatred out of the closet : why don't we love better? --</subfield>
    <subfield code="t">Stunned into silence : the liberating insult of grace --</subfield>
    <subfield code="t">Facing a war of hearts : how do we harm each other --</subfield>
    <subfield code="t">Our divine warrior : hope for triumph in battle --</subfield>
    <subfield code="t">R&#xE9;sum&#xE9; of a warrior : qualifications of the heart --</subfield>
    <subfield code="t">Hungering for restoration : a passionate hope for beauty --</subfield>
    <subfield code="t">Revoking revenge : a merciful invitation to brokenness --</subfield>
    <subfield code="t">Giving good gifts : a cunning intrusion of truth --</subfield>
    <subfield code="t">Loving an evil person : siege warfare --</subfield>
    <subfield code="t">Loving a fool : guerilla warfare --</subfield>
    <subfield code="t">Loving a normal sinner : athletic competition --</subfield>
    <subfield code="g">Epilogue:</subfield>
    <subfield code="t">Bold love : a sword in the heart of death.</subfield>
  </datafield>
  <datafield tag="650" ind1=" " ind2="0">
    <subfield code="a">Love</subfield>
    <subfield code="x">Religious aspects</subfield>
    <subfield code="x">Christianity.</subfield>
  </datafield>
  <datafield tag="650" ind1=" " ind2="0">
    <subfield code="a">Forgiveness</subfield>
    <subfield code="x">Religious aspects</subfield>
    <subfield code="x">Christianity.</subfield>
  </datafield>
  <datafield tag="700" ind1="1" ind2=" ">
    <subfield code="a">Longman, Tremper.</subfield>
  </datafield>
  <datafield tag="942" ind1=" " ind2=" ">
    <subfield code="2">ddc</subfield>
    <subfield code="c">BK</subfield>
  </datafield>
  <datafield tag="952" ind1=" " ind2=" ">
    <subfield code="0">0</subfield>
    <subfield code="1">0</subfield>
    <subfield code="2">ddc</subfield>
    <subfield code="4">0</subfield>
    <subfield code="7">0</subfield>
    <subfield code="8">NFIC</subfield>
    <subfield code="a">HMC</subfield>
    <subfield code="b">HMC</subfield>
    <subfield code="c">GEN</subfield>
    <subfield code="d">2018-12-19</subfield>
    <subfield code="g">130.00</subfield>
    <subfield code="l">0</subfield>
    <subfield code="o">241.4 A432B</subfield>
    <subfield code="p">005699</subfield>
    <subfield code="r">2018-12-19 00:00:00</subfield>
    <subfield code="w">2018-12-19</subfield>
    <subfield code="y">BK</subfield>
  </datafield>
</record>
